• 首页
  • 本馆介绍
  • 公告通知
  • 最新文献
  • 馆藏检索
  • 电子资源
  • 读者导购
  • 参考咨询
  • 我的图书馆
  • 登录
  • 详细信息显示
  • 放入我的书架
  • 预约/预借图书
  • 作者相关作品
  • 分类相关作品
  • 丛书相关作品
  • 出版社相关作品

书目信息

  • 表格格式
  • 工作单格式
  • 卡片格式
题名:
岁时文化
    
 
作者: 孙浩宇 编著 ;闫琳琳 , 金开诚, 编著
分册:  
出版信息: 长春   吉林文史出版社  2018重印
页数: 135页
开本: 22cm
丛书名: 中国文化知识读本
单 册:
中图分类: K892.18
科图分类:
主题词: 节令--jie ling--风俗习惯--介绍--中国
电子资源:
ISBN: 978-7-5472-0864-9
000 01006nam 2200289 45
001 012001010579
005 20140102140358.0
010    @a978-7-5472-0864-9@dCNY34.80
099    @aCAL 012012198706
100    @a20120521d2012 em y0chiy50 ea
101 0  @achi
102    @aCN@b220000
105    @aa z 000yy
106    @ar
200 1  @a岁时文化@Asui shi wen hua@f编著孙浩宇, 闫琳琳@g主编金开诚
210    @a长春@c吉林文史出版社@d2018重印
215    @a135页@c图@d22cm
225 2  @a中国文化知识读本@Azhong guo wen hua zhi shi du ben
330    @a本书内容包括: 悠久的岁时文化、岁时文化的四季、丰富多彩的岁时文化、岁时文化与中华文化。
410  0 @12001@a中国文化知识读本
606 0  @a节令@Ajie ling@x风俗习惯@x介绍@y中国
690    @aK892.18@v5
701  0 @a孙浩宇@Asun hao yu@4编著
702  0 @a闫琳琳@Ayan lin lin@4编著
702  0 @a金开诚,@AJin Kaicheng@f1932-2008@4主编@3CAL n2004273397#@7jt0yjt0y@7ec0yec0y
801  2 @aCN@b上海新华@c20191020
905    @b1136705-8@dK892.18@e331@f4
    
    岁时文化/编著孙浩宇, 闫琳琳/主编金开诚.-长春:吉林文史出版社,2018重印
    135页:图;22cm.-(中国文化知识读本)
    
    
    ISBN 978-7-5472-0864-9:CNY34.80
    本书内容包括: 悠久的岁时文化、岁时文化的四季、丰富多彩的岁时文化、岁时文化与中华文化。
●
相关链接 在E读中查询图书 在五车中查询图书 在当当中查询图书 在豆瓣中查询图书


正题名:岁时文化     索取号:K892.18/331         预约/预借

序号 登录号 条形码 馆藏地/架位号 状态 备注
1 1136705   211367055   第二样本阅览室/ [索取号:K892.18/331] 在馆    
2 1136706   211367064   第二借阅区/ [索取号:K892.18/331] 在馆    
3 1136707   211367073   第二借阅区/ [索取号:K892.18/331] 在馆    
4 1136708   211367082   第二借阅区/ [索取号:K892.18/331] 在馆    
唐山师范学院图书馆 欢迎您!
大连网信软件有限公司© 版权所有